Loading effects of graphene platelets on the microwave absorbing properties of co-precipitated nickel ferrite nano particles / (Record no. 534601)

000 -LEADER
fixed length control field 00582nam a22001577a 4500
020 ## - INTERNATIONAL STANDARD BOOK NUMBER
Qualifying information Hard Cover.
082 ## - DEWEY DECIMAL CLASSIFICATION NUMBER
Classification number 620.5
100 ## - MAIN ENTRY--PERSONAL NAME
Personal name Shahzadi, Falak
245 ## - TITLE STATEMENT
Title Loading effects of graphene platelets on the microwave absorbing properties of co-precipitated nickel ferrite nano particles /
Statement of responsibility, etc. Falak Shahzadi.
260 ## - PUBLICATION, DISTRIBUTION, ETC.
Place of publication, distribution, etc. Islamabad:
Name of publisher, distributor, etc. SCME - NUST,
Date of publication, distribution, etc. 2017.
300 ## - PHYSICAL DESCRIPTION
Extent 61 p. :
Other physical details ill. ;
Dimensions 30cm.
942 ## - ADDED ENTRY ELEMENTS (KOHA)
Source of classification or shelving scheme
Koha item type Thesis
650 ## - SUBJECT ADDED ENTRY--TOPICAL TERM
Topical term or geographic name entry element Nano Science and Engineering MS-Thesis.
700 ## - ADDED ENTRY--PERSONAL NAME
Personal name Dr. Iftikhar Hussain Gul
650 ## - SUBJECT ADDED ENTRY--TOPICAL TERM
-- 16438
700 ## - ADDED ENTRY--PERSONAL NAME
-- 16197
Holdings
Withdrawn status Lost status Source of classification or shelving scheme Damaged status Not for loan Permanent Location Current Location Shelving location Date acquired Total Checkouts Full call number Barcode Date last seen Price effective from Koha item type
          Central Library (CL) Central Library (CL) Thesis 03/05/2020   620.5 CL-T-5335 03/05/2020 03/05/2020 Thesis
© 2023 Central Library, National University of Sciences and Technology. All Rights Reserved.